| 000 | 00856nam a2200265 a 4500 | ||
|---|---|---|---|
| 001 | 000004055 | ||
| 003 | DO-SdBNP | ||
| 005 | 20220203075622.0 | ||
| 008 | 090716s2007 dr r 001 0 spa d | ||
| 020 | _a9789945161632 | ||
| 040 |
_aDO-SdBNP _bspa _cBPMSU |
||
| 082 |
_aRD863.44 _bP349b 2007 _222 |
||
| 100 | 1 | _aPeña, Caonabo | |
| 245 | 1 | 3 |
_aEl bastardo / _cCaonabo Peña ; edición Basilio Belliard. |
| 260 |
_bSecretaría de Estado de Cultura, _aSanto Domingo : _c2007. |
||
| 300 |
_a187 p. ; _c23 cm. |
||
| 500 | _aIncluye datos biográficos del autor en la solapa de la cubierta | ||
| 590 | _aInventariado, 2022/VM | ||
| 650 | 4 | _aNovela dominicana | |
| 651 | 4 | _aLiteratura Dominicana | |
| 700 | 1 |
_aBelliard, Basilio, _eed. |
|
| 710 | 2 | _aSecretaría de Estado de Cultura (República Dominicana) | |
| 910 | _aVMateo V. | ||
| 942 |
_2ddc _cBK |
||
| 999 |
_c14000 _d14000 |
||